| 000 | 00693nam a2200229 a 4500 | ||
|---|---|---|---|
| 005 | 20140310183443.0 | ||
| 008 | 080917s19uu xx 00 eng d | ||
| 020 | _a9781423901198 | ||
| 050 |
_aT 58.6 _b.St72 2008 |
||
| 100 | _aStair, Ralph M. | ||
| 245 |
_aPrinciples of information systems : _ba managerial approach. / _cRalph M. Stair |
||
| 250 | _a8th ed. | ||
| 260 |
_aAustralia : _bThomson Course Technology, _c2008. |
||
| 300 |
_a652 p. : _bill. ; _c28 cm. |
||
| 521 | _aIT | ||
| 650 | _aComputer Studies. | ||
| 650 | _aManagement information systems. | ||
| 650 | _aReynolds, George Walter, 1944-. | ||
| 700 | _aReynolds, George W. | ||
| 942 |
_cBK _2lcc _kFOR |
||
| 999 |
_c23181 _d23181 |
||